[Event "Oberliga NRW 9697 I"]
[Site "Germany"]
[Date "1997.??.??"]
[Round "6.3"]
[White "Simon, Hans Christian"]
[Black "Freckmann, Mark"]
[Result "1/2-1/2"]
[WhiteElo "2230"]
[BlackElo "2285"]
[PlyCount "84"]
[EventDate "1996.10.??"]
[EventType "team"]
[EventRounds "9"]
[EventCountry "GER"]
[SourceTitle "EXT 1998"]
[Source "ChessBase"]
[SourceDate "1997.11.17"]
[SourceVersion "1"]
[SourceVersionDate "1997.11.17"]
[SourceQuality "1"]
[WhiteTeam "Detmold"]
[BlackTeam "Neheim"]
[WhiteTeamCountry "GER"]
[BlackTeamCountry "GER"]

1. Nf3 e6 2. g3 d5 3. Bg2 c5 4. 0-0 Nc6 5. d4 Nf6 6. c4 dxc4 7. dxc5 Qxd1 8. Rxd1 Bxc5 9. Nbd2 c3 10. bxc3 0-0 11. Nb3 Be7 12. Nfd4 Nxd4 13. cxd4 Nd5 14. e4 Nc3 15. Re1 Bd7 16. Nc5 Bb5 17. Bf3 b6 18. Nb3 Rac8 19. Bd2 Ba3 20. Re3 Bb2 21. Bxc3 Bxc3 22. Rd1 Bb4 23. Be2 Ba4 24. Ba6 Rc2 25. Re2 Rc7 26. d5 Rd8 27. Rd4 Bxb3 28. axb3 Bc5 29. Rd1 Kf8 30. Kg2 Re7 31. Red2 exd5 32. Rxd5 Rxd5 33. exd5 Re5 34. d6 Ke8 35. Bb5+ Kd8 36. Bc4 Rf5 37. f4 Rf6 38. d7 Rd6 39. Rxd6 Bxd6 40. Bxf7 Kxd7 41. Kf3 Bc5 42. Ke4 Ke7 1/2-1/2

[Event "Oberliga NRW 9697 I"]
[Site "Germany"]
[Date "1996.??.??"]
[Round "4.2"]
[White "Freckmann, Mark"]
[Black "Koch, Wolfgang Max"]
[Result "1/2-1/2"]
[WhiteElo "2285"]
[BlackElo "2355"]
[PlyCount "98"]
[EventDate "1996.10.??"]
[EventType "team"]
[EventRounds "9"]
[EventCountry "GER"]
[SourceTitle "EXT 1998"]
[Source "ChessBase"]
[SourceDate "1997.11.17"]
[SourceVersion "1"]
[SourceVersionDate "1997.11.17"]
[SourceQuality "1"]
[WhiteTeam "Neheim"]
[BlackTeam "Duesseldorf"]
[WhiteTeamCountry "GER"]
[BlackTeamCountry "GER"]

1. Nf3 g6 2. d4 d6 3. c4 f5 4. Nc3 Nf6 5. g3 Bg7 6. Bg2 0-0 7. 0-0 Qe8 8. Nd5 Nxd5 9. cxd5 a5 10. Be3 Na6 11. Qd2 a4 12. Rac1 Qb5 13. Ne1 Bd7 14. Nd3 Be8 15. Bh6 Bf7 16. Bxg7 Kxg7 17. Nf4 Rac8 18. a3 Kh8 19. h4 Rfe8 20. Rc2 c5 21. dxc6 bxc6 22. Rfc1 c5 23. d5 Qd7 24. Rd1 Rb8 25. h5 Rb3 26. hxg6 hxg6 27. Ne6 Kh7 28. Rc4 Bxe6 29. dxe6 Qxe6 30. Rh4+ Kg7 31. Bd5 Qe5 32. Qh6+ Kf6 33. Bxb3 axb3 34. e4 e6 35. exf5 exf5 36. Ra4 Nc7 37. Qh4+ Kg7 38. Ra7 Re7 39. Rd3 Rf7 40. Rxb3 Qe1+ 41. Kg2 f4 42. gxf4 Qe4+ 43. Kg1 Ne6 44. Rxf7+ Kxf7 45. Re3 Qb1+ 46. Kg2 Qf5 47. Qh7+ Kf6 48. Rg3 Nxf4+ 49. Kh2 Nh5 1/2-1/2

[Event "Oberliga NRW 9697 I"]
[Site "Germany"]
[Date "1996.??.??"]
[Round "2.2"]
[White "Freckmann, Mark"]
[Black "Teloeken, Andreas"]
[Result "1-0"]
[WhiteElo "2285"]
[BlackElo "2150"]
[PlyCount "81"]
[EventDate "1996.10.??"]
[EventType "team"]
[EventRounds "9"]
[EventCountry "GER"]
[SourceTitle "EXT 1998"]
[Source "ChessBase"]
[SourceDate "1997.11.17"]
[SourceVersion "1"]
[SourceVersionDate "1997.11.17"]
[SourceQuality "1"]
[WhiteTeam "Neheim"]
[BlackTeam "Suedlohn"]
[WhiteTeamCountry "GER"]
[BlackTeamCountry "GER"]

1. Nf3 Nf6 2. d4 d6 3. Nc3 c6 4. e4 Qa5 5. Bd2 Qc7 6. a4 e5 7. h3 a5 8. g3 Be6 9. dxe5 dxe5 10. Ng5 Qc8 11. Nxe6 Qxe6 12. Bg2 Bb4 13. 0-0 Na6 14. Bg5 Bxc3 15. bxc3 0-0 16. Qe2 Nd7 17. h4 Nac5 18. Rfb1 Rfb8 19. Kh2 h6 20. Bh3 Qd6 21. Rd1 Qc7 22. Bxd7 Nxd7 23. Bxh6 Nf6 24. Bg5 Ne8 25. c4 c5 26. Rd5 f6 27. Be3 Rd8 28. Qd3 Rd6 29. Re1 Rad8 30. f4 Qc6 31. fxe5 fxe5 32. Bg5 R8d7 33. Rb1 Nc7 34. Rf1 Nxd5 35. cxd5 Qxa4 36. Qf3 Rg6 37. Qf8+ Kh7 38. Qf5 Qxc2+ 39. Rf2 Qd1 40. Qxd7 c4 41. Qf5 1-0

[Event "Neuwied op"]
[Site "Neuwied"]
[Date "1994.??.??"]
[Round "?"]
[White "Freckmann, Mark"]
[Black "Kulaots, Kaido"]
[Result "0-1"]
[WhiteElo "2290"]
[BlackElo "2410"]
[PlyCount "60"]
[EventDate "1994.??.??"]
[EventType "swiss"]
[EventRounds "5"]
[EventCountry "GER"]
[SourceTitle "EXT 2000"]
[Source "ChessBase"]
[SourceDate "1999.11.16"]
[SourceVersion "1"]
[SourceVersionDate "1999.11.16"]
[SourceQuality "1"]

1. g3 Nf6 2. Bg2 g6 3. c4 Bg7 4. Nc3 0-0 5. Nf3 d6 6. 0-0 c6 7. Rb1 e5 8. d3 a5 9. c5 dxc5 10. Nxe5 Nd5 11. f4 Be6 12. a3 Nd7 13. Nxd5 cxd5 14. Nf3 Nf6 15. Ne5 a4 16. b4 axb3 17. Qxb3 Rb8 18. Qb5 Qd6 19. a4 Nd7 20. Nxd7 Bxd7 21. Qb6 Qe7 22. e3 Bxa4 23. f5 Bc2 24. Rb2 Bxb2 25. Qxb2 Bxd3 26. Qc3 Bxf1 27. Bxd5 Rbe8 28. e4 Qe5 29. Qa3 Qd4+ 30. Be3 Qd1 0-1

[Event "Oberliga NRW 9293 II"]
[Site "Germany"]
[Date "1993.??.??"]
[Round "?.1"]
[White "Freckmann, Mark"]
[Black "Dinstuhl, Volkmar"]
[Result "0-1"]
[WhiteElo "2300"]
[BlackElo "2360"]
[PlyCount "102"]
[EventDate "1992.10.??"]
[EventType "team"]
[EventRounds "10"]
[EventCountry "GER"]
[SourceTitle "TD"]
[Source "ChessBase"]
[SourceDate "1994.03.01"]
[SourceVersion "1"]
[SourceVersionDate "1994.03.01"]
[SourceQuality "1"]
[WhiteTeam "Neheim"]
[BlackTeam "Wattenscheid"]
[WhiteTeamCountry "GER"]
[BlackTeamCountry "GER"]

1. e4 c5 2. Nf3 d6 3. d3 e6 4. g3 Be7 5. Bg2 b5 6. e5 Bb7 7. exd6 Qxd6 8. a4 b4 9. Nbd2 Nf6 10. Nc4 Qd8 11. 0-0 0-0 12. a5 Na6 13. Re1 Rc8 14. Qe2 Nc7 15. Be3 Nb5 16. Nfd2 Nd5 17. Nb3 Ba8 18. Qf1 Nxe3 19. Rxe3 Bd5 20. a6 Bf6 21. Ra5 Nd4 22. Rxc5 Nxc2 23. Rxc8 Qxc8 24. Re2 Nd4 25. Nxd4 Bxd4 26. Qe1 Bxg2 27. Kxg2 Qc6+ 28. Kg1 Rb8 29. Qa1 h5 30. Qa5 h4 31. Qh5 hxg3 32. hxg3 Qxa6 33. Re4 g6 34. Qg5 Bg7 35. Ne5 Qb5 36. Qf4 Qb7 37. Nc4 Rd8 38. Re3 Rd5 39. Qe4 Qd7 40. Rf3 Bd4 41. Rf4 a5 42. Rh4 Qa7 43. Qf4 Bg7 44. Qf3 Rf5 45. Qe2 Bd4 46. Rh2 a4 47. Qc2 Qc7 48. Kh1 Qc6+ 49. Kg1 Qf3 50. Ne5 Qxg3+ 51. Kh1 Qxh2+ 0-1

[Event "Oberliga NRW 9293 II"]
[Site "Germany"]
[Date "1993.??.??"]
[Round "?.1"]
[White "Freckmann, Mark"]
[Black "Dormann, Lars"]
[Result "1/2-1/2"]
[WhiteElo "2300"]
[BlackElo "2290"]
[PlyCount "83"]
[EventDate "1992.10.??"]
[EventType "team"]
[EventRounds "10"]
[EventCountry "GER"]
[SourceTitle "TD"]
[Source "ChessBase"]
[SourceDate "1994.03.01"]
[SourceVersion "1"]
[SourceVersionDate "1994.03.01"]
[SourceQuality "1"]
[WhiteTeam "Neheim"]
[BlackTeam "Muenster II"]
[WhiteTeamCountry "GER"]
[BlackTeamCountry "GER"]

1. e4 e6 2. d4 d5 3. e5 c5 4. c3 Nc6 5. Nf3 Nge7 6. Bd3 cxd4 7. cxd4 Nf5 8. Bxf5 exf5 9. 0-0 Be6 10. h4 h6 11. Nc3 Be7 12. h5 g5 13. hxg6 fxg6 14. Nb5 g5 15. Nd6+ Bxd6 16. exd6 Qxd6 17. Re1 0-0-0 18. b4 Kb8 19. Bd2 Rde8 20. b5 Nd8 21. Qa4 Nf7 22. Rac1 Bd7 23. Ne5 Nxe5 24. dxe5 Qe6 25. Be3 b6 26. Qb4 Rc8 27. Bd4 Rxc1 28. Rxc1 Rc8 29. Rxc8+ Kxc8 30. a4 f4 31. a5 Kb7 32. axb6 axb6 33. Qa4 Bc8 34. Qa6+ Kc7 35. Qa7+ Bb7 36. Qa3 Kb8 37. Qf8+ Bc8 38. Qf6 Kb7 39. Qg7+ Bd7 40. Bc3 Kc8 41. Qf8+ Kb7 42. Qg7 1/2-1/2

[Event "Munich op 9293"]
[Site "Munich"]
[Date "1993.??.??"]
[Round "5"]
[White "Freckmann, Mark"]
[Black "Robovic, Saudin"]
[Result "0-1"]
[WhiteElo "2300"]
[BlackElo "2395"]
[PlyCount "77"]
[EventDate "1993.??.??"]
[EventType "swiss"]
[EventRounds "9"]
[EventCountry "GER"]
[SourceTitle "TD"]
[Source "ChessBase"]
[SourceDate "1994.03.01"]
[SourceVersion "1"]
[SourceVersionDate "1994.03.01"]
[SourceQuality "1"]

1. e4 c5 2. c3 Nf6 3. e5 Nd5 4. g3 Qc7 5. Qe2 Nc6 6. f4 g6 7. Bg2 Nb6 8. Nf3 Bg7 9. 0-0 0-0 10. d4 cxd4 11. cxd4 d6 12. Nc3 Be6 13. Rd1 Nb4 14. Be3 Qc4 15. Qf2 N6d5 16. Ng5 Nxe3 17. Qxe3 Nc2 18. Qf2 Nxa1 19. Rxa1 dxe5 20. dxe5 Rfd8 21. Bxb7 Rab8 22. Nxe6 Qxe6 23. Bg2 f6 24. Qxa7 Kf8 25. b3 fxe5 26. Rf1 e4 27. f5 gxf5 28. Qa5 Kg8 29. Kh1 Ra8 30. Qb4 Rdb8 31. Nb5 Rxa2 32. Qc5 Qe5 33. Qc4+ Kh8 34. Rd1 h6 35. Bf1 e3 36. Be2 Rxe2 37. Qxe2 Rxb5 38. Kg1 Rxb3 39. Qc4 0-1

[Event "Oberliga NRW 9293 II"]
[Site "Germany"]
[Date "1993.??.??"]
[Round "?.1"]
[White "Freckmann, Mark"]
[Black "Schoenthier, Frank"]
[Result "1-0"]
[WhiteElo "2300"]
[BlackElo "2355"]
[PlyCount "83"]
[EventDate "1992.10.??"]
[EventType "team"]
[EventRounds "10"]
[EventCountry "GER"]
[SourceTitle "TD"]
[Source "ChessBase"]
[SourceDate "1994.03.01"]
[SourceVersion "1"]
[SourceVersionDate "1994.03.01"]
[SourceQuality "1"]
[WhiteTeam "Neheim"]
[BlackTeam "Monheim"]
[WhiteTeamCountry "GER"]
[BlackTeamCountry "GER"]

1. c4 Nf6 2. g3 e6 3. Bg2 d5 4. Nf3 Be7 5. 0-0 0-0 6. Qc2 c5 7. d3 Nc6 8. a3 b6 9. cxd5 exd5 10. b4 Bb7 11. bxc5 bxc5 12. Nc3 Rc8 13. Bf4 Nh5 14. Bd2 Ba8 15. Qa2 Nf6 16. Bg5 h6 17. Bxf6 Bxf6 18. Rac1 Ne7 19. Nd2 Qd7 20. Rc2 Rfd8 21. Rfc1 Qe6 22. Na4 Qxe2 23. Ne4 Qxd3 24. Nxf6+ gxf6 25. Nxc5 Qf5 26. Qb3 Kg7 27. Qa4 Nc6 28. Nb3 Rb8 29. Rc5 Qd3 30. R5c3 Qf5 31. Rf3 Qe6 32. Rf4 d4 33. Nc5 Qd6 34. Ne4 Qe5 35. Rxf6 Ne7 36. Rf4 d3 37. Rd1 Ng6 38. Rg4 Rd4 39. Qxa7 Re8 40. Ng5 hxg5 41. Qxd4 Bxg2 42. Kxg2 1-0

[Event "Munich op 9293"]
[Site "Munich"]
[Date "1993.??.??"]
[Round "9"]
[White "Freckmann, Mark"]
[Black "Schreiner, Richard"]
[Result "1-0"]
[WhiteElo "2300"]
[BlackElo "2255"]
[PlyCount "109"]
[EventDate "1993.??.??"]
[EventType "swiss"]
[EventRounds "9"]
[EventCountry "GER"]
[SourceTitle "TD"]
[Source "ChessBase"]
[SourceDate "1994.03.01"]
[SourceVersion "1"]
[SourceVersionDate "1994.03.01"]
[SourceQuality "1"]

1. e4 e6 2. d4 d5 3. e5 c5 4. Nf3 Qb6 5. Bd3 Bd7 6. 0-0 cxd4 7. Ng5 g6 8. Qf3 Nh6 9. Qf6 Rg8 10. Nxh7 Be7 11. Bxh6 Bxf6 12. Nxf6+ Kd8 13. Nxg8 Nc6 14. Bf4 Kc7 15. Nf6 Ne7 16. Nxd7 Kxd7 17. Nd2 Rh8 18. Nf3 Nc6 19. a3 a6 20. Rfd1 Qc7 21. Bg3 Qd8 22. Re1 g5 23. h3 Qg8 24. Nh2 Qg7 25. Ng4 Ne7 26. Nf6+ Kc6 27. f3 Kc7 28. Rad1 Rc8 29. Bf2 Nc6 30. b4 Kd8 31. Bg3 b5 32. Ra1 Qh8 33. Reb1 Qf8 34. Re1 Qh8 35. Re2 Qh6 36. Ng4 Qh8 37. Rf1 Ne7 38. a4 Nc6 39. axb5 Nxb4 40. bxa6 Ra8 41. Ra1 Qf8 42. Be1 Nc6 43. Bd2 Qg7 44. Ree1 Kc8 45. Rab1 Ra7 46. Rb6 Kc7 47. Reb1 Nxe5 48. Rb7+ Rxb7 49. Rxb7+ Kc8 50. Nxe5 Qxe5 51. Rxf7 Kb8 52. h4 Ka8 53. hxg5 Qb8 54. g6 Qg8 55. Bb5 1-0

[Event "Munich op 9293"]
[Site "Munich"]
[Date "1993.??.??"]
[Round "2"]
[White "Schlosser, Philipp"]
[Black "Freckmann, Mark"]
[Result "1-0"]
[WhiteElo "2500"]
[BlackElo "2300"]
[PlyCount "71"]
[EventDate "1993.??.??"]
[EventType "swiss"]
[EventRounds "9"]
[EventCountry "GER"]
[SourceTitle "TD"]
[Source "ChessBase"]
[SourceDate "1994.03.01"]
[SourceVersion "1"]
[SourceVersionDate "1994.03.01"]
[SourceQuality "1"]

1. d4 Nf6 2. Nf3 g6 3. c4 Bg7 4. g3 0-0 5. Bg2 d6 6. 0-0 Nbd7 7. Nc3 e5 8. e4 exd4 9. Nxd4 Re8 10. h3 Nc5 11. Re1 Bd7 12. b4 Ne6 13. Nb3 Ng4 14. Qc2 Ne5 15. Nd5 c6 16. Ne3 Ng5 17. Qe2 Nxh3+ 18. Kh2 Nxf2 19. Qxf2 Nd3 20. Qd2 Nxe1 21. Qxe1 Be5 22. Kg1 f5 23. Bd2 fxe4 24. Rd1 Qc7 25. Bc3 Re7 26. Bxe5 Rxe5 27. Qd2 Re6 28. Nd4 Rf6 29. Ne2 Raf8 30. Nc3 Re8 31. Nxe4 Rfe6 32. Nxd6 R8e7 33. Nf1 Re5 34. Qf4 Bf5 35. c5 Bc2 36. Qc4+ 1-0

[Event "Oberliga NRW 9293 II"]
[Site "Germany"]
[Date "1992.??.??"]
[Round "?.1"]
[White "Schischke, Reinhard"]
[Black "Freckmann, Mark"]
[Result "1-0"]
[WhiteElo "2360"]
[BlackElo "2300"]
[PlyCount "67"]
[EventDate "1992.10.??"]
[EventType "team"]
[EventRounds "10"]
[EventCountry "GER"]
[SourceTitle "TD"]
[Source "ChessBase"]
[SourceDate "1994.03.01"]
[SourceVersion "1"]
[SourceVersionDate "1994.03.01"]
[SourceQuality "1"]
[WhiteTeam "Siegen"]
[BlackTeam "Neheim"]
[WhiteTeamCountry "GER"]
[BlackTeamCountry "GER"]

1. d4 Nf6 2. Nf3 g6 3. b3 Bg7 4. Bb2 0-0 5. Nbd2 c6 6. g3 a5 7. Bg2 Na6 8. 0-0 a4 9. e4 d5 10. e5 Ne8 11. Ne1 Nec7 12. Nd3 Bf5 13. Nf3 Bh6 14. c3 Nb5 15. bxa4 Na7 16. Nh4 Bxd3 17. Qxd3 Nc8 18. Bc1 Bxc1 19. Raxc1 e6 20. f4 Nb6 21. Rb1 Ra7 22. Bh3 Nxa4 23. Rf3 b5 24. Qd2 Kg7 25. f5 exf5 26. Bxf5 Nc7 27. Rbf1 Ne8 28. Bb1 Rc7 29. Rf6 Nxf6 30. exf6+ Kh8 31. Qh6 Rg8 32. Bxg6 fxg6 33. f7 Rc8 34. Nxg6+ 1-0